Ética profesional en la docencia y la investigación /
Furkejuvvon:
| Váldodahkki: | |
|---|---|
| Eará dahkkit: | |
| Materiálatiipa: | Girji |
| Giella: | Spanish |
| Almmustuhtton: |
México :
Universidad Autónoma de Sinaloa,
2012
|
| Ráidu: | Educación
|
| Fáttát: | |
| Fáddágilkorat: |
Lasit fáddágilkoriid
Eai fáddágilkorat, Lasit vuosttaš fáddágilkora!
|
MARC
| LEADER | 00000nam a2200000 4500 | ||
|---|---|---|---|
| 008 | 190219b2012 mx ||||| |||| 00| 0 spa d | ||
| 999 | |c 3658 |d 3658 | ||
| 020 | |a 9786079230364 | ||
| 090 | |a 05.04.01 |b 2516 | ||
| 100 | |9 4481 |a Hirsch Adler, Ana |e Coordinador/a | ||
| 245 | 1 | 0 | |a Ética profesional en la docencia y la investigación / |c Ana Hirsch Adler, Rodrigo López Zavala |
| 260 | |a México : |b Universidad Autónoma de Sinaloa, |c 2012 | ||
| 300 | |a 532 páginas | ||
| 490 | |a Educación | ||
| 650 | 1 | 4 | |9 563 |a ÉTICA |
| 650 | 1 | 4 | |9 1841 |a DOCENCIA |
| 650 | 1 | 4 | |9 163 |a INVESTIGACIÓN |
| 650 | 1 | 4 | |9 1 |a EDUCACIÓN |
| 700 | |9 4488 |a López Zavala, Rodrigo |e Coordinador/a | ||
| 942 | |i 004553 |h 05.04.01 2516 |2 z |c 01 | ||



